000 00867nam a2200265 i 4500
003 DO-SdBNP
005 20260216105647.0
007 ta
008 260216b2025 dr a|||| |||| 00| 0 spa d
020 _a9789945521009
040 _aDO-SdBNP
_bspa
_cBNPHU
_erda
041 _aspa
082 4 _axxx
_bC352s
_222
100 _aCastillo, Gisel,
_eautor
_4aut.
_985616
245 1 0 _aSer visible :
_bes hora de dejarte ver. Es hora de ser visible /
_cGisel Castillo ; prólogo, Ericarol Carlo
264 4 _aSanto Domingo :
_beditor no identificado ;
_c©2025.
300 _a244 páginas :
_bilustraciones ;
_c23 cm.
336 _atexto
_btxt
_2rdacontent
337 _asin mediación
_bn
_2rdamedia
338 _avolumen
_bnc
_2rdacarrier
590 _aInventariado, 2026/BT
700 _eCarlo, Ericarol,
_aprologuista
_4pr.
_989021
910 _aBtavárez
942 _2ddc
_cLBS1
999 _c60325
_d60325